Responses for show #2683 - Wednesday, April 10, 1996

Michael Dupée game 2.

Contestants

[<< previous game]

Ann Taliaferro Curtaz, an executive secretary from San Carlos, California

Michael Dupee, an attorney from Cleveland, Ohio (whose 1-day cash winnings total $15,800)

Ron Jin, a school librarian from San Francisco, California (whose 1-day cash winnings total $15,800)

[next game >>]

Jeopardy! Round responses

SCIENCE
FICTION
STAR TREK
DOCTOR
"HOO"
THE PRISONER
    $100 1
Salt

Ron
    $100 21
Mario Puzo

Ron
    $100 14
Enterprise

Michael
    $100 11
Brain

Michael
    $100 6
Hooray

Michael
    $100 26
Manuel Noriega

Michael
    $200 2
Biennial

Michael
    $200 22
Egypt

Triple Stumper
    $200 15
William Shatner

Michael
    $200 12
Gray

Ann
    $200 7
Hoosier

Michael
    $200 27
Charles Dickens

Michael
    $300 3
Venus

Michael
    $300 23
"Congo"

Michael
    $300 18
Vulcan

Ann
    $300 13
Esperanto

Ann
    $300 8
Hooves

Michael
    $300 28
Montezuma

Ron
    $400 4
Hydrogen

Michael
    $400 24
Dorian Gray

Michael
    $400 19
The Federation

Michael
    $400 16
(R: What is Menninger?)

Mayo

Ron
Triple Stumper
    $400 9
Hoop Skirts

Michael
    $600 29
Algeria

Ron
    $500 5
(A: What is the radius?)
(M: What is the trapezium?)

Trapezoid

MichaelAnn
Triple Stumper
    $500 25
Pat Conroy

Michael
    $500 20
Lt. Worf

Michael
    $500 17
(M: What is a heart?)

Kidneys

Michael
Triple Stumper
    $500 10
(Ann: What is...)

Hoodoo

RonAnn
    $500 30
Eldridge Cleaver

Ron

Scores at the first commercial break (after clue 15):

Ron Michael Ann
$600 $1,800 -$500

Scores at the end of the Jeopardy! Round:

Ron Michael Ann
$1,700 $3,700 -$200

Double Jeopardy! Round responses

RHODE ISLANDERS
OPERA
U.S. GEOGRAPHY
GUINNESS RECORDS
WORLD HISTORY
SHAKESPEAREAN POTPOURRI
    $200 21
Ambrose Burnside

Michael
    $200 1
Figaro

Ron
    $200 6
Phoenix

Ron
    $200 26
Central Park

Michael
    $200 13
Attila

Michael
    $200 11
(M: What is Paris?)

London

RonMichael
    $400 22
Columbia

Ann
    $400 2
Madame Butterfly

Ann
    $400 7
New Mexico

Ron
    $400 27
Dead Sea

Ron
    $400 14
Belgium

Michael
    $400 12
Macbeth

Michael
    $600 23
Gilbert Stuart

Michael
    $600 3
"Carmen"

Michael
    $600 8
Martha's Vineyard

Ron
    $600 28
Charles De Gaulle

Ann
    $600 15
Lawrence

Ron
    $600 18
"Two Gentlemen of Verona"

Michael
    $800 24
George M. Cohan

Ron
    $800 4
"Rigoletto"

Ron
    $800 9
North Carolina

Michael
    $1,000 29
Giant Squid

Ann
    $800 16
Victor Emmanuel

Ron
    $800 19
St. Thomas More

Michael
    $1000 25
(R: What were the Teamsters?)

United Auto Workers

RonAnn
    $1000 5
"Fidelio"

Ron
    $1000 10
(Michael: What is Mauna Loa?)
(Ann: What is Kilauea?)
(Ron: What is Mauna Loa?)

Mauna Kea

RonMichaelAnn
Triple Stumper
    $1000 30
Portugal

Ron
    $1000 17
Niger

Michael
    $1,000 20
(M: Who is Henry VIII?)

James I

Michael

Scores at the end of the Double Jeopardy! Round:

Ron Michael Ann
$6,700 $7,300 $200

[wagering suggestions for these scores]

Final Jeopardy! Round responses

SAINTS
(Alex: [To Michael] Didn't want to try for a tie again? Didn't want to take a chance at facing him again.)
AnnWho is ?
$200
RonWho was St. Francis of Assisi?
$6,700
MichaelWho's St. Francis of Assisi?
$6,101
St. Francis of Assisi

Final scores:

Ron Michael Ann
$13,400 $13,401 $0
2nd place: Compact Disc Player & Speakers 2-day champion: $29,201 3rd place: RCA DSS Satellite System

Game dynamics:

Coryat scores:

Ron Michael Ann
$6,500 $8,300 $1,200
18 R
(including 1 DD),
3 W
28 R,
5 W
(including 1 DD)
7 R,
4 W
(including 1 DD)

Combined Coryat: $16,000

The J! Archive is created by fans, for fans. The Jeopardy! game show and all elements thereof, including but not limited to copyright and trademark thereto, are the property of Jeopardy Productions, Inc. and are protected under law. This website is not affiliated with, sponsored by, or operated by Jeopardy Productions, Inc. Join the discussion at JBoard.tv.